| Tag |
First Indicator |
Second Indicator |
Subfields |
| LEADER |
00000cam a2200000 a 4500 |
| 001 |
in00002575271 |
| 005 |
20151201152258.0 |
| 008 |
090805s2009 enka b 001 0 eng |
| 020 |
|
|
|a 9780719076206 (cased)
|
| 020 |
|
|
|a 071907620X (cased)
|
| 035 |
|
|
|a (OCoLC)ocn351309301
|
| 040 |
|
|
|a UKM
|c UKM
|d BWK
|d YDX
|d UtOrBLW
|
| 049 |
|
|
|a TXAM
|
| 050 |
|
4 |
|a JN1415
|b .R44 2009
|
| 082 |
0 |
|
|a 320.9417
|2 22
|
| 100 |
1 |
|
|a Rees, Nicholas.
|
| 245 |
1 |
0 |
|a Europeanisation and new patterns of governance in Ireland /
|c Nicholas Rees, Brid Quinn, Bernadette Connaughton.
|
| 264 |
|
1 |
|a Manchester ;
|a New York :
|b Manchester University Press :
|b New York :
|c 2009.
|
| 264 |
|
2 |
|a New York :
|b Distributed exclusively in the USA by Palgrave,
|
| 300 |
|
|
|a xiii, 247 pages :
|b illustrations ;
|c 24 cm.
|
| 336 |
|
|
|a text
|b txt
|2 rdacontent
|
| 337 |
|
|
|a unmediated
|b n
|2 rdamedia
|
| 338 |
|
|
|a volume
|b nc
|2 rdacarrier
|
| 504 |
|
|
|a Includes bibliographical references (pages [209]-231) and index.
|
| 610 |
2 |
0 |
|a European Union
|z Ireland.
|
| 651 |
|
0 |
|a Ireland
|x Politics and government
|y 1949-
|
| 700 |
1 |
|
|a Quinn, Brid,
|d 1954-
|
| 700 |
1 |
|
|a Connaughton, Bernadette.
|
| 945 |
|
|
|a PromptCat
|b 15366
|
| 946 |
|
|
|a stk
|
| 947 |
|
|
|a A14840179189
|
| 948 |
|
|
|a cataloged
|b h
|c 2010/7/19
|d c
|e dmitchel
|f 8:50:40 am
|
| 994 |
|
|
|a 92
|b TXA
|
| 999 |
|
|
|a MARS
|
| 999 |
f |
f |
|s 4f769515-74a3-367a-99f6-168b00c1606f
|i 9d947ae9-17cc-3fa0-930a-1c7098e4e5a0
|t 0
|
| 952 |
f |
f |
|p ric
|a Texas A&M University
|b Rellis Campus
|c Joint Library Facility
|d Remote Storage
|t 0
|e JN1415 .R44 2009
|h Library of Congress classification
|i unmediated -- volume
|m A14840179189
|
| 998 |
f |
f |
|a JN1415 .R44 2009
|t 0
|l Remote Storage
|